Escritos sobre arte: pintura, teatro, ballet, cartas y diarios
Guardat en:
| Autor principal: | |
|---|---|
| Format: | Llibre |
| Idioma: | espanyol |
| Publicat: |
Barcelona
Paidós
1987
|
| Col·lecció: | Paidós Estética, 12
|
| Matèries: | |
| Etiquetes: |
Afegir etiqueta
Sense etiquetes, Sigues el primer a etiquetar aquest registre!
|
MARC
| LEADER | 00000nam a2200000 a 4500 | ||
|---|---|---|---|
| 001 | UCV7691 | ||
| 003 | CL-VaPUC | ||
| 008 | 890601e19870000SP |||||||||||||||||spa|d | ||
| 082 | 0 | 4 | |a 701 |b SCH |2 21 |
| 100 | 0 | |a Schlemmer, Oskar |e author |9 301829 | |
| 245 | 1 | 0 | |a Escritos sobre arte: pintura, teatro, ballet, cartas y diarios |
| 300 | |a 190 p | ||
| 942 | |c BK | ||
| 945 | |d 19890601 00:00:00 | ||
| 260 | |a Barcelona |b Paidós |c 1987 | ||
| 650 | 0 | |a Ballet |9 265384 | |
| 650 | 0 | |a Pintura |9 265046 | |
| 650 | 0 | |a Teatro |9 265385 | |
| 583 | |a last modification |c 19890601 00:00:00 |k Rodrigo Vera | ||
| 490 | 0 | |a Paidós Estética, 12 | |
| 999 | |c 213332 |d 213330 | ||
| 952 | |0 0 |1 0 |4 0 |6 701_000000000000000_SCH_1987 |7 0 |8 A |9 195620 |a BIBARQ |b BIBARQ |d 2019-11-14 |i 2636417 |l 2 |o 701 SCH 1987 |p 2636417 |r 2025-01-20 |s 2021-09-07 |w 2019-11-14 |y BK |k ARQ | ||